000 01442nam a2200409 i 4500
001 5219
003 KOSZ 005
005 20200615131944.0
008 991116s1982 pl a e |000 0 pol
015 _aPB 1982/8420
020 _a8320404258
035 _a(OCoLC)749488782
040 _aWA N
_cWA N
_dKOSZ 005/HR
041 0 _apol
046 _k1982
080 _a62
080 _a(03)
100 1 _aTopulos, Aniela
_eRedakcja
245 1 0 _aMały ilustrowany leksykon techniczny /
_c[oprac. przez zespół red. Działu Słownictwa Technicznego WNT Aniela Topulos, Jolanta Iwańska, Elżbieta Tabaczkiewicz].
260 _aWarszawa :
_bWydawnictwa Naukowo-Techniczne,
_c1982.
300 _a[8], 649, [3] s., [4] s. tabl. kolor. :
_bil. tab. wykr. err. ;
_c21 cm.
336 _2rdacontent
_aTekst
_btxt
337 _2rdamedia
_aBez urządzenia pośredniczącego
_bn
338 _2rdacarrier
_aWolumin
_bnc
380 _aKsiążki
380 _aWydawnictwa informacyjne
388 _a1901-2000
388 _a1945-1989
658 _aInżynieria i technika
655 4 _aEncyklopedia
650 4 _aTechnika
700 1 _aIwańska, Jolanta.
_eRedakcja
700 1 _aTabaczkiewicz, Elżbieta.
_eRedakcja
710 2 _aWydawnictwa Naukowo-Techniczne
_4pbl.
856 _uhttp://koha.tu.koszalin.pl/cgi-bin/koha/opac-detail.pl?biblionumber=5219
_yKatalog online BPK
942 _2UKD
_cKS
999 _c5219
_d5219